Central Library OPAC University of Rajshahi

Radiation effects on organic materials / (Record no. 11210)

MARC details
000 -LEADER
fixed length control field 00912cam a22002651 4500
001 - CONTROL NUMBER
control field 11210
003 - CONTROL NUMBER IDENTIFIER
rucl marc code BD-RjUL
005 - DATE AND TIME OF LATEST TRANSACTION
control field 20211208235105.0
008 - FIXED-LENGTH DATA ELEMENTS--GENERAL INFORMATION
fixed length control field 140126s1963 nyua b 001 0 eng
035 ## - SYSTEM CONTROL NUMBER
System control number (BD-RjUL)11259
System control number (OCoLC)284864
040 ## - CATALOGING SOURCE
Original cataloging agency DLC
Transcribing agency ODaWU
Modifying agency BD-RjUL
Language of cataloging eng
041 ## - LANGUAGE CODE
Language code of text/sound track or separate title eng
082 ## - DEWEY DECIMAL CLASSIFICATION NUMBER
Classification number 621.1127
Author mark and year RAD 1963
245 10 - TITLE STATEMENT
Title Radiation effects on organic materials /
Statement of responsibility, etc. edited by Robert O. Bolt and James G. Carroll. Prepared under the auspices of the Division of Technical Information, U.S. Atomic Energy Commission.
260 ## - PUBLICATION, DISTRIBUTION, ETC. (IMPRINT)
Place of publication, distribution, etc. New York :
Name of publisher, distributor, etc. Academic Press,
Date of publication, distribution, etc. 1963.
300 ## - PHYSICAL DESCRIPTION
Pagination xv, 576 p. :
Illustrations illus. ;
Size 24 cm.
504 ## - BIBLIOGRAPHY, ETC. NOTE
Bibliography, etc Includes bibliographies and index.
650 #0 - SUBJECT ADDED ENTRY--TOPICAL TERM
Topical term or geographic name as entry element Materials
General subdivision Effect of radiation on.
9 (RLIN) 30158
700 1# - ADDED ENTRY--PERSONAL NAME
Personal name Bolt, Robert O.
Relator term joint ed.
Personal name Carroll, James G.
942 ## - ADDED ENTRY ELEMENTS (KOHA)
Source of classification or shelving scheme Dewey Decimal Classification
Koha item type Books
Holdings
Lost status Source of classification or shelving scheme Damaged status Not for loan Collection code Permanent Location Current Location Shelving location Date acquired Source of acquisition Cost, normal purchase price Total Checkouts Full call number Date last seen Copy number Koha item type
  Dewey Decimal Classification   Not For Loan Non-fiction Central Library, University of Rajshahi Central Library, University of Rajshahi Reading Room 20/12/2063 Zeitlinger 108.00   621.1127 RAD 1963 26/01/2014 C-1 Books